Normal view
MARC view
- Oliver, W
Entry Personal Name
001 - CONTROL NUMBER
- control field: 6859
003 - CONTROL NUMBER IDENTIFIER
- control field: OSt
005 - DATE AND TIME OF LATEST TRANSACTION
- control field: 20250108152655.0
008 - FIXED-LENGTH DATA ELEMENTS
- fixed length control field: 250108|| aca||aabn | a|a d
040 ## - CATALOGING SOURCE
- Original cataloging agency: OSt
- Transcribing agency: OSt
100 ## - HEADING--PERSONAL NAME
- Personal name: Oliver, W
670 ## - SOURCE DATA FOUND
- Source citation: Work cat.: (OSt)9842: Oliver, W ., Basic radio simply explained / , 1963.
